000 00604nam a2200205Ia 4500
005 20250425162843.0
008 250425s9999 xx 000 0 und d
020 _a9781951577612
041 _aeng
082 _a621.381044
_pIPC
110 _aIPC International
245 0 _aIPC-A-610 : acceptability of electronic assemblies
260 _aBannockburn, Illinois
_bIPC International
_c2020
300 _apáginas irregulares
_bilustraciones
_c28 cm.
650 _aConjuntos electrónicos
650 _aElectronic assemblies
902 _aMonográfico
_cImpreso
942 _c01
010 _a113774
999 _c237792
_d237792